Normal view
MARC view
- GRAYBILL, F.A
Entry Personal Name
001 - CONTROL NUMBER
- control field: 77817
003 - CONTROL NUMBER IDENTIFIER
- control field: NUST
005 - DATE AND TIME OF LATEST TRANSACTION
- control field: 20210628210017.0
008 - FIXED-LENGTH DATA ELEMENTS
- fixed length control field: 210628|| aca||aabn | a|a d
040 ## - CATALOGING SOURCE
- Original cataloging agency: NUST
- Transcribing agency: NUST
100 ## - HEADING--PERSONAL NAME
- Personal name: GRAYBILL, F.A
670 ## - SOURCE DATA FOUND
- Source citation: Work cat.: (NUST): GRAYBILL, F.A, AN INTRODUCTION TO LINEAR STATISTICAL MODELS, 1961
